Нормален изглед
MARC изглед
- Хор и оркестър на Софийска народна опера
Вход 02. Организация (Колективен автор)
001 - Контролен номер на записа
- Контролно поле: 495465
003 - Код на организацията, даваща контролен номер
- Контролно поле: BLK
005 - Дата и час на последна промяна на записа
- Контролно поле: 20241016164634.0
008 - Данни с фиксирана дължина – обща информация
- Данни с фиксирана дължина : 241016|| aca||aabn | a|a d
110 ## - НАИМЕНОВАНИЕ НА КОЛЕКТИВЕН ОРГАН -ПЪРВИЧНА ИНТЕЛЕКТУАЛНА ОТГОВОРНОСТ
- Название на организация или юридическо име като основно описание: Хор и оркестър на Софийска народна опера
942 ## - Системна служебна употреба
- Koha auth type: CORPO_NAME